Acta Facultatis Pharmaceuticae Universitatis Comenianae Tomus LI/2004
Salvato in:
| Natura: | Libro |
|---|---|
| Lingua: | inglese |
| Pubblicazione: |
Bratislava
Univerzita Komenského v Bratislave
2004
|
| Edizione: | 1. vyd. |
| Soggetti: | |
| Accesso online: | Visualizza in OPAC |
| Tags: |
Nessun Tag, puoi essere il primo ad aggiungerne!!
|
MARC
| LEADER | 00000cam a2200000 a 4500 | ||
|---|---|---|---|
| 005 | 20260127134322.0 | ||
| 008 | 050216s2004 xo a b 001 0 eng | ||
| 020 | |a 8022320153 | ||
| 035 | |a vtls001494139 | ||
| 039 | 9 | |a 200502240948 |b mschk03 |y 200502161231 |z mschk04 | |
| 040 | |a STUSCHK1 |b slo |c STUSCHK1 | ||
| 080 | |a 615+54(082.1) | ||
| 245 | 1 | 0 | |a Acta Facultatis Pharmaceuticae Universitatis Comenianae |b Tomus LI/2004 |
| 250 | |a 1. vyd. | ||
| 260 | |a Bratislava |b Univerzita Komenského v Bratislave |c 2004 | ||
| 300 | |a 251 s. | ||
| 650 | 0 | |a chémia | |
| 910 | |a SCHK95 | ||
| 919 | |a 80-223-2015-3 | ||
| 999 | |c 9690 |d 9690 | ||